Word Chain - Disney Characters - Statistics

General Stats
  • This quiz has been taken 162 times
  • The average score is 16 of 30
Answer Stats
Hint Answer % Correct
Frozen's snowman Olaf
90%
Mufasa's brother Scar
87%
Long-haired princess Rapunzel
86%
____ 'n' Dale Chip
82%
Friend of Mickey and Donald Goofy
82%
Sultan's spirited daughter Jasmine
82%
Cinderella's Prince _______ Charming
81%
Clownfish with a gimpy fin Nemo
79%
Prince saved by Ariel Eric
75%
Belle's arrogant admirer Gaston
74%
Tweedledee's twin Tweedledum
71%
Native American peacemaker Pocahontas
70%
Leader of the seven dwarfs Doc
65%
Bully neighbour in Toy Story Sid
59%
Mistress of All Evil Maleficent
56%
One of Donald's Nephews Louie
50%
______ & Company Oliver
50%
Seeks the last dragon Raya
50%
Emperor Kuzco's evil advisor Yzma
47%
Greek God of archery Apollo
33%
Youngest Madrigal Antonio
32%
Jungle Book's Python Kaa
31%
Halloween town's Boogeyman Oogie Boogie
28%
Rarely seen without her goat Esmeralda
25%
Pete's Dragon Elliot
15%
Nick Wilde's partner fox Finnick
14%
Lilo's homemade rag doll Scrump
14%
The Fox and the Hound villain Amos
12%
Sergeant in 101 Dalmatians Tibbs
10%
Stray dog with Brooklyn Accent Peg
6%
No matching quizzes found
Score Distribution
Percent of People with Each Score
Percentile by Number Answered
Your Score History
You have not taken this quiz